| 000 | 00595nam a2200181Ia 4500 | ||
|---|---|---|---|
| 008 | 220216s9999 xx 000 0 und d | ||
| 100 |
_aMessmer M M _cet al |
||
| 245 | 0 | _aGenetic diversity among progenitors and elite lines from the Iowa stiff Stalk Synthetic (BSSS) maize population: Comparison of allozyme and RFLP data | |
| 260 |
_bTheoretical and Applied Genetics _c1991 |
||
| 300 | _a97-107 | ||
| 650 | _aGenetic distance | ||
| 650 | _aGenetic diversity | ||
| 650 | _aPrincipal component analysis | ||
| 650 | _aRare alleles | ||
| 650 | _aRFLP | ||
| 650 | _aZea mays L | ||
| 942 | _cJS | ||
| 999 |
_c59800 _d59800 |
||